000 00846 a2200217 4500
005 20080908120424.0
008 080908t xxu||||| |||| 00| 0 eng d
010 _aENG-87612
020 _c615.00
_a0070659664
035 _aEN-71145
037 _bD.B.Act / Pub
082 _a005.7565
100 _aNiemiec, Richard
245 _aOracle database 10g performance tuning tips and techniques
_cby Richard J. Niemiec
260 _aNew Delhi
_bTata McGraw-Hill Publishing
_c2007
270 _a7, West Patel Nagar
_bNew Delhi
_e110008
300 _axxvi, 976 p.
_c24 cm. (Pbk)
500 _aIncludes index
942 _adpl
_cEN
_k005.7565 / NIE
_2ddc
_h005.7565
_mNIE
999 _c6756
_d6756